Digital electronics demystified / (رقم التسجيلة. 31591)
[ عرض عادي ]
| 000 -الفاتح | |
|---|---|
| حقل البيانات ثابتة الطول | 01374cam a22003617a 4500 |
| 001 - رقم الضبط | |
| رقم الضبط | 13906507 |
| 003 - محدد رقم الضبط | |
| رقم الضبط | OSt |
| 005 - وقت وتاريخ اخر تعامل مع التسجيلة | |
| رقم الضبط | 20150408114146.0 |
| 008 - عناصر البيانات ثابتة الطول - معلومات عامة | |
| حقل البيانات ثابتة الطول | 050321s2005 nyua e 001 0 eng d |
| 010 ## - رقم ضبط مكتبة الكونجرس | |
| رقم ضبط مكتبة الكونجرس | 2005297146 |
| 015 ## - رقم الببليوجرافية الوطنية | |
| رقم الببليوجرافية الوطنية | GBA471442 |
| المصدر | bnb |
| 016 7# - رقم ضبط الوكاله الوطنية للضبط الببليوجرافي | |
| رقم ضبط التسجيلة | 013006791 |
| المصدر | Uk |
| 020 ## - الرقم الدولى المعيارى للكتب | |
| الرقم الدولى المعيارى للكتاب | 0071441417 (pbk.) |
| 035 ## - رقم ضبط النظام | |
| رقم ضبط النظام | (OCoLC)ocm56695597 |
| 040 ## - مصدر الفهرسة | |
| وكالة الفهرسة الأصلية | UKM |
| وكالة النسخ | UKM |
| وكالة التعديل | C#P |
| -- | DLC |
| 042 ## - رمز التحقق | |
| رمز التحقق | lccopycat |
| 050 00 - رقم طلب مكتبة الكونجرس | |
| رقم التصنيف | TK7868.D5 |
| رقم المادة | P728 2005 |
| 082 04 - رقم تصنيف ديوى العشرى | |
| رقم التصنيف | 621.381 |
| رقم الطبعة | 22 |
| رقم المادة | PMD |
| 100 1# - المدخل الرئيسى - إسم شخصى | |
| الإسم الشخصى | Predko, Michael. |
| 9 (RLIN) | 38627 |
| 245 10 - بيان العنوان | |
| العنوان | Digital electronics demystified / |
| بيان المسئوليه,etc | Myke Predko. |
| 260 ## - PUBLICATION, DISTRIBUTION, ETC. (IMPRINT) | |
| مكان الناشر او الموزع | New York : |
| اسم الناشر او الموزع | McGraw-Hill, |
| تاريخ النشر أو التوزيع | c2005. |
| 300 ## - الوصف المادى | |
| التعداد | xiii, 370 p. : |
| تفاصيل ماديه اخرى للوعاء | ill. ; |
| أبعاد الوعاء | 24 cm. |
| 490 1# - بيان السلسلة | |
| عنوان السلسلة | Demystified series |
| 500 ## - تبصرة عامة | |
| تبصرة عامة | Includes index. |
| 650 #0 - المدخل الاضافى بالموضوع-مصطلح موضوعى | |
| مصطلح موضوعي أو اسم جغرافي كعنصر مدخل | Digital electronics. |
| 9 (RLIN) | 11733 |
| 830 #0 - المدخل الاضافى بالسلسلة -عنوان موحد | |
| عنوان موحد | McGraw-Hill "Demystified" series. |
| 9 (RLIN) | 38628 |
| 856 42 - الوصول و الموقع الالكترونى | |
| مواد محددة | Contributor biographical information |
| معرف المصدر الموحد | <a href="http://www.loc.gov/catdir/enhancements/fy0627/2005297146-b.html">http://www.loc.gov/catdir/enhancements/fy0627/2005297146-b.html</a> |
| 856 42 - الوصول و الموقع الالكترونى | |
| مواد محددة | Publisher description |
| معرف المصدر الموحد | <a href="http://www.loc.gov/catdir/enhancements/fy0627/2005297146-d.html">http://www.loc.gov/catdir/enhancements/fy0627/2005297146-d.html</a> |
| 856 41 - الوصول و الموقع الالكترونى | |
| مواد محددة | Table of contents only |
| معرف المصدر الموحد | <a href="http://www.loc.gov/catdir/enhancements/fy0627/2005297146-t.html">http://www.loc.gov/catdir/enhancements/fy0627/2005297146-t.html</a> |
| 906 ## - عنصر بيانات محلى F, LDF (RLIN) | |
| a | 7 |
| b | cbc |
| c | copycat |
| d | 2 |
| e | ncip |
| f | 20 |
| g | y-gencatlg |
| 942 ## - عناصر المدخل الإضافي( كوها) | |
| مصدر التصنيف او مخطط الترفيف | Dewey Decimal Classification |
| Koha [default] item type | كتاب |
| حالة الفقد | نموذج السعر الفعال | حالة تلف | ليس للاعارة | رقم الطلب | تاريخ الاكتساب | الموقع الحالي | الباركود | الفرع الرئيسي | Date last seen | نوع المادة فى نظام كوها | مصدر التصنيف او خطة الترفيف | Total Checkouts | Date last checked out |
|---|---|---|---|---|---|---|---|---|---|---|---|---|---|
| 2013-10-30 | 621.381 PMD | 2013-10-30 | المكتبة المركزية بالمجمعة (CL) | 00402808 | المكتبة المركزية بالمجمعة (CL) | 2013-10-30 | كتاب | Dewey Decimal Classification | |||||
| 2013-10-30 | 621.381 PMD | 2013-10-30 | المكتبة المركزية بالمجمعة (CL) | 00402809 | المكتبة المركزية بالمجمعة (CL) | 2013-10-30 | كتاب | Dewey Decimal Classification | |||||
| 2013-10-30 | 621.381 PMD | 2013-10-30 | المكتبة المركزية بالمجمعة (CL) | 00402810 | المكتبة المركزية بالمجمعة (CL) | 2015-02-11 | كتاب | Dewey Decimal Classification | 1 | 2015-02-11 | |||
| 2013-10-30 | 621.381 PMD | 2013-10-30 | مكتبة مجمع الكليات بالزلفى - طلاب (SZM) | 00402769 | مكتبة مجمع الكليات بالزلفى - طلاب (SZM) | 2013-10-30 | كتاب | Dewey Decimal Classification | |||||
| 2013-10-30 | 621.381 PMD | 2013-10-30 | مكتبة مجمع الكليات بالزلفى - طلاب (SZM) | 00402770 | مكتبة مجمع الكليات بالزلفى - طلاب (SZM) | 2013-10-30 | كتاب | Dewey Decimal Classification | |||||
| 2013-10-30 | 621.381 PMD | 2013-10-30 | مكتبة مجمع الكليات بالزلفى - طلاب (SZM) | 00402771 | مكتبة مجمع الكليات بالزلفى - طلاب (SZM) | 2013-10-30 | كتاب | Dewey Decimal Classification |
